Have You Really Watched? Jurassic Park - Statistics

General Stats
  • This quiz has been taken 1,503 times
  • The average score is 13 of 16
Answer Stats
Question Answer % Correct
What's the name of the rich creator of Jurassic Park? John Hammond
97%
... which is 120 miles west of ... Costa Rica
95%
On which island is Jurassic Park located? Isla Nublar
90%
What dinosaur is found sick on the park? Triceratops
90%
Which dinosaur kills him? Dilophosaurus
88%
Which modified device does he use to smuggle the embryos? A shaving foam can
87%
What's Ian Malcolm speciality? Chaos theory
86%
What DNA is used to fill the gaps in that of dinosaurs? Frog
85%
What's his famous line? “Spared no expense.”
84%
What species of dinosaur does NOT appear on screen? Stegosaurus
82%
What's written on the banner of the Visitor Center hall? When Dinosaurs Ruled the Earth
81%
How many velociraptors were chasing the children in the kitchen? 2
77%
How many people were killed by the T-Rex? 1
75%
What's Ellie Sattler's field of study? Paleobotany
74%
At the Montana dig site, a kid compare a velociraptor to a six foot... Turkey
74%
From whom does Dennis Nedry take a bribe to steal dinosaur embryos? Lewis Dodgson
71%
No matching quizzes found
Score Distribution
Percent of People with Each Score
Percentile by Number Answered
Your Score History
You have not taken this quiz